| 000 | 01005nmc a2200337 a 4500 | ||
|---|---|---|---|
| 003 | AR-BaBNM | ||
| 005 | 20251128205100.0 | ||
| 008 | 011101s1990 ||||||||||||||000 | spa|| | ||
| 020 | _a950-582-295-2 | ||
| 040 | _cAR-BaBNM | ||
| 100 | 1 | _aEpelman, Mario | |
| 245 | 1 | 0 | _aEfectos de las nuevas tecnologías informatizadas sobre la salud de los trabajadores |
| 260 |
_aBuenos Aires _bHumanitas _bCREDAL _c1990 |
||
| 300 |
_a139 p. _bil., diagr. |
||
| 490 | 0 | _aCiencias sociales del trabajo | |
| 500 | _aCREDAL: CENTRE DE RECHERCHES ET DOCUMENTATION SUR L'AMERIQUE LATINE | ||
| 504 | _aBibliografía: p. 127-130 | ||
| 650 | 4 | _aTRABAJO | |
| 650 | 4 | _aCONDICIONES DE TRABAJO | |
| 650 | 4 | _aENFERMEDADES OCUPACIONALES | |
| 650 | 4 | _aCOMPUTADORAS | |
| 650 | 4 | _aTECNOLOGIA | |
| 650 | 4 | _aSALUD | |
| 650 | 4 | _aDERECHO LABORAL | |
| 650 | 4 | _aPLANIFICACION LABORAL | |
| 650 | 4 | _aMERCADO DE TRABAJO | |
| 700 | 1 | _aFontana, Daniel | |
| 700 | 1 | _aNeffa, Julio César | |
| 942 | _cBK | ||
| 998 | _cmariana | ||
| 999 |
_c9913 _d9913 |
||